| 000 | 00960nam a2200253 a 4500 | ||
|---|---|---|---|
| 001 | 000025919 | ||
| 005 | 20250621074007.0 | ||
| 008 | 110224t1965 dr 001 0dspa d | ||
| 040 |
_aDO-SdBNP _bspa _cBNPHU |
||
| 082 |
_a923.17293 _bM385h |
||
| 100 | 1 |
_aMartínez, Rufino _938668 |
|
| 245 | 1 | 0 |
_aHombres dominicanos : _bRafael Leónidas Trujillo y Heureaux / _cRufino Martínez. |
| 260 |
_aSanto Domingo : _bDel Caribe, _c1965. |
||
| 300 |
_av. ; _c22 cm. |
||
| 500 | _aColección editada en diferentes años y casas editoras. | ||
| 600 | 1 | 0 |
_a Heureaux, Ulises, _d1845-1899 _9598 |
| 600 | 1 | 0 |
_aTrujillo Molina, Rafael Leónidas, _d 1891-1961 _976764 |
| 650 | 4 |
_aPresidentes _zRepública Dominicana _9599 |
|
| 650 | 4 |
_aDictadores _zRepública Dominicana _9601 |
|
| 651 | 0 |
_aRepública Dominicana -- _xHistoria -- _y1844-1930 _91009 |
|
| 651 | 0 |
_aRepública Dominicana _xPolítica y gobierno _945 |
|
| 910 | _aValidado. Control de calidad EMS. | ||
| 049 | _aBNPD | ||
| 999 |
_c25411 _d25411 |
||